| 000 | 01046cad a22002295a 4500 | ||
|---|---|---|---|
| 001 | E148823 | ||
| 008 | 091111e20090929xxk f 000 0 eng d | ||
| 035 | _a(Sirsi) u148823 | ||
| 041 | 0 | _aeng | |
| 100 | 1 | _aKeele, Helen | |
| 245 | 0 | 0 |
_aGreening existing leases _h[electronic resource] |
| 260 | _c2009 | ||
| 490 |
_aRICS Feature _v29 September 2009 |
||
| 520 | _aDiscusses the importance of the Climate Change (Scotland) Act 2009 for commercial landlords and tenants. Suggests that commercial landlords and tenants in Scotland may be under increased pressure to improve the energy efficiency of their buildings and reduce greenhouse gases. | ||
| 590 | _aKA | ||
| 650 | 2 | 4 | _aCLIMATE CHANGE (SCOTLAND) ACT 2009 |
| 651 | 4 |
_aScotland _y1999- |
|
| 690 | _aENVIRONMENTAL AND LAND CONSULTANCY-SUSTAINABILITY | ||
| 690 | _aPROPERTY-COMMERCIAL PROPERTY-COMMERCIAL LANDLORD AND TENANT-COMMERCIAL LEASES | ||
| 856 | 4 | 0 |
_uhttps://www.rics.org/site/scripts/news_article.aspx?newsID=890 _zView the article free of charge at www.rics.org... |
| 942 | _n0 | ||
| 999 |
_c81969 _d81969 |
||